| 000 | 01071nam a2200313 4500 | ||
|---|---|---|---|
| 001 | 177990 | ||
| 003 | ES-MaACL | ||
| 005 | 20250603170600.0 | ||
| 008 | 110511s2010 sp acfo |||| |aspa d | ||
| 017 | _aB.1.511-2010 | ||
| 020 | _a9788483832219 | ||
| 080 | _a821.134.2-94"19" | ||
| 100 | 1 |
_aCruz Ruiz, Juan. _941848 |
|
| 245 | 1 | 0 |
_aEgos revueltos _b: una memoria personal de la vida literaria / _cJuan Cruz Ruiz. |
| 250 | _a1ª ed. | ||
| 260 |
_aBarcelona : _bTusquets, _c2010. |
||
| 300 |
_a479 p. : _bil., fot. ; _c23 cm. |
||
| 490 | 1 |
_aTiempo de memoria ; _v78 |
|
| 500 | _aÍndice onomástico. | ||
| 586 | _aXXII Premio Comillas de Historia, Biografía y Memorias | ||
| 650 | 4 |
_aEscritores y editores- _zEspaña- _yS.XX. _912398 |
|
| 650 | 4 |
_aEscritores- _yS.XX. _9146471 |
|
| 651 | 4 |
_aEspaña- _xVida intelectual- _yS.XX _98529 |
|
| 830 | 0 |
_aTiempo de memoria ; _v78 _9180241 |
|
| 852 |
_aES-MaACL _9184849 _bR.145726 _jA-11150 _dOlim: N-4155 _cDEPO1 |
||
| 942 |
_2udc _cMONOGRAFIA |
||
| 999 |
_c177990 _d177990 |
||